Регионална библиотека "Любен Каравелов" - Русе

Джакомо Казанова - соната за разбити сърца (Запис номер 323537)

MARC детайли
000 -Лидер
Контролно поле с фиксирана дължина 00986aam a2200265 a 4500
003 - Код на организацията, давaща контролен номер
Контролно поле BLK
005 - Дата и час на последна редакция
Контролно поле 20241202101437.0
008 - Елементи от данни с фиксирана дължина
fixed length control field 180718b bul||||| |||| 00| 0 bul d
020 ## - Международен стандартен номер на книга ISBN
Международен стандартен номер на книга ISBN 9789543894758
040 ## - Източник на каталожния запис
Идентификатор на билиотеката - собственик на записа BLK
041 ## - Код за език
Код за езика на текст/звукозапис или на отделно заглавие Български
Код за езика КДБФ Български
080 ## - УДК
Текстов определител УДК Италианска литература
УДК код - определител по УДК 821.131.1
УДК - код + определител 821.131.1-31
УДК определител -31
100 ## - Редна дума - Автор
Автор Струкул, Матео
Авторска отговорност първи автор
R(LIN) 1299
139 ## - Редно поле
Редна дума Струкул, Матео
Авторски знак Стро - С 87
245 ## - Сведения за заглавието
Заглавие Джакомо Казанова - соната за разбити сърца
Редно поле (дума) Матео Струкул; прев. от итал. Велимира Костова-Върлакова.
257 ## - Страна на издаване
Страна на създаване/издаване Италия
260 ## - Област на издателските данни
Име на издателя, разпространителя и проч. Ера
Година на издаване 2018
Място на издаване, разпространение и проч. София
300 ## - Физическа характеристика
Страници 315 с.
Размери/Мащаб 20 см
380 ## - Жанр
Жанр Худож. лит.
700 ## - Други автори (авторска отговорност)
9 (RLIN) 370076
Лично име Костова-Върлакова, Велимира Костадинова
Автороска отговорност (Описва отношението между автора и произведението) прев. от итал.
Език на произведението Български
999 ## - СИСТЕМНИ КОНТРОЛНИ НОМЕРА
Koha biblionumber 323537
Koha biblioitemnumber 323537
942 ## - АРТИКУЛИ
Вид на библиотечния материал Книги
Източник на класификационната схема Universal Decimal Classification
Скрит в OPAC Не
Koha issues (borrowed), all copies 12
Периодичен библиозапис Да
999 ## - СИСТЕМНИ КОНТРОЛНИ НОМЕРА
Koha biblioitemnumber 323537
999 ## - СИСТЕМНИ КОНТРОЛНИ НОМЕРА
Koha biblioitemnumber 323537
999 ## - СИСТЕМНИ КОНТРОЛНИ НОМЕРА
Koha biblioitemnumber 323537
944 ## - СЪЗДАВАНЕ И РЕДАКЦИЯ на ЗАПИСА
Служител, извършил регистрацията/редакцията 30575
Статус, дата на статуса Мартин Енчев
Наличности
Код за отписване Код за изгубен артикул Източник на класификационната схема Код за повреда Код за отдаване Артикулен № Име на библиотеката - собственик Име на библиотеката, в която се намира в момента Статус (Текущо местоположение) Дата на вписване в системата Местоположение - отдел Цена в лева Инвентарен номер Систематично азбучна сигнатура Баркод Цена в евро Служебен тип на артикула Коз за рестрикции
  Не е изгубен Universal Decimal Classification Не е повреден заемане за дома 678420 Регионална библиотека "Любен Каравелов" Русе Регионална библиотека "Любен Каравелов" Русе Заемна - подръчен фонд 2018-07-18 Заемна - подръчен фонд 12.76 120000822039 П 850-31/С 87 120000822039 6.52 Книги  
  Не е изгубен Universal Decimal Classification Не е повреден заемане за дома 800039 Регионална библиотека "Любен Каравелов" Русе Регионална библиотека "Любен Каравелов" Русе Заемна - подръчен фонд 2020-09-18 Заемна - подръчен фонд 11.90   821-31/С 87 М 120000847516 6.08 Книги без рестрикции
Vip Innovations Ltd, Rousse, Bulgaria 2025